|
|
|
|
| LEADER |
00000cam a2200000 7i4500 |
| 001 |
0000002576 |
| 005 |
20030814.0 |
| 020 |
0 |
0 |
|a 9676112054
|
| 090 |
0 |
0 |
|a 324.220882971
|b AHM 2001
|
| 100 |
0 |
0 |
|a AHMAD Redzuwan Mohd Yunus
|
| 245 |
1 |
0 |
|a Demokrasi dan kepimpinan Islam :
|b suatu perbandingan
|c Ahmad Redzuwan Mohd Yunus
|
| 260 |
0 |
0 |
|a Kuala Lumpur :
|b Utusan Pub. ,
|c 2001
|
| 300 |
|
|
|a 92 p. ;
|c 22 cm.
|
| 500 |
0 |
0 |
|a Bibliography : p. 88-91
|
| 650 |
0 |
0 |
|a Democracy
|x Religious aspects
|x Islam
|
| 650 |
0 |
0 |
|a Islam and politics
|
| 650 |
0 |
0 |
|a Leadership
|x Religious aspects
|x Islam
|
| 998 |
|
|
|a JPSM
|
| 999 |
|
|
|a 0000005000
|b Monograph
|c Open Shelf
|e Default branch
|